Textbook of Obstetrics including Perinatology and conception (Record no. 737)

MARC details
000 -LEADER
fixed length control field 00543nam a22001937a 4500
003 - CONTROL NUMBER IDENTIFIER
control field OSt
005 - DATE AND TIME OF LATEST TRANSACTION
control field 20190827112654.0
008 - FIXED-LENGTH DATA ELEMENTS--GENERAL INFORMATION
fixed length control field 141111b xxu||||| |||| 00| 0 eng d
020 ## - INTERNATIONAL STANDARD BOOK NUMBER
International Standard Book Number 9788173816482
040 ## - CATALOGING SOURCE
Transcribing agency DNLM
082 ## - DEWEY DECIMAL CLASSIFICATION NUMBER
Classification number WQ 100 D95t 2011
100 ## - MAIN ENTRY--PERSONAL NAME
Personal name Dutta D. C; Konar Hiralal
9 (RLIN) 1364
245 ## - TITLE STATEMENT
Title Textbook of Obstetrics including Perinatology and conception
260 ## - PUBLICATION, DISTRIBUTION, ETC. (IMPRINT)
Place of publication, distribution, etc. London :
Name of publisher, distributor, etc. New Central Book Agency LTD ;
Date of publication, distribution, etc. 2011
300 ## - PHYSICAL DESCRIPTION
Extent xvi, 688p
Other physical details col ill
504 ## - BIBLIOGRAPHY, ETC. NOTE
Bibliography, etc Includes index.
650 ## - SUBJECT ADDED ENTRY--TOPICAL TERM
Topical term or geographic name as entry element Obstetrics
9 (RLIN) 5
942 ## - ADDED ENTRY ELEMENTS (KOHA)
Source of classification or shelving scheme Other/Generic Classification Scheme
Koha item type Short Loan
Holdings
Withdrawn status Lost status Source of classification or shelving scheme Damaged status Not for loan Home library Current library Date acquired Source of acquisition Inventory number Total Checkouts Full call number Barcode Date last seen Koha item type Public note
    Other/Generic Classification Scheme     MUST Main Library MUST Main Library 11/11/2014   2014/37969   WQ 100 D95t 2011 2014-3347 11/11/2014 Short Loan  
    Other/Generic Classification Scheme     MUST Main Library MUST Main Library 01/04/2015 Purchase 14/37970   WQ 100 D95t 2011 2015-0756 01/04/2015 Open Shelf LIB. USE ONLY Plz